| 000 | 00000nam 2200000za 4500 |
| 001 | 9.574711 |
| 003 | CaOODSP |
| 005 | 20250814105835 |
| 007 | cr ||||||||||| |
| 008 | 150406|1997||||xxc|||||o f|0| 0 eng d |
| 022 | |a1205-9153 |
| 040 | |aCaOODSP|beng |
| 043 | |an-cn--- |
| 086 | 1 |aCS11-0019/102E-PDF |
| 100 | 1 |aBaldwin, John R. |q(John Russel) |
| 245 | 00|aDifferences in strategies and performance of different types of innovators / |h[electronic resource]|cby John R. Baldwin and Joanne Johnson. |
| 260 | |aOttawa - Ontario : |bStatistics Canada |cDecember 1997. |
| 300 | |a30p.|bgraphs, references, tables |
| 490 | 1 |aAnalytical Studies Branch research paper series|x1205-9153|vNo. 102 |
| 500 | |aThe catalogue number (11F0019MPE), ISBN (0-660-17292-5) and ISSN (1200-5223) for the print edition have been incorrectly copied in this electronic publication. |
| 590 | |a12-34-Supp|b2012-07-31 |
| 710 | 2 |aStatistics Canada. |
| 775 | 08|tDifférence dans les stratégies et le rendement de divers types d'innovateurs / |w(CaOODSP)9.604446 |
| 830 | #0|aResearch paper series (Statistics Canada. Analytical Studies Branch)|x1205-9153|vNo. 102|w(CaOODSP)9.504421 |
| 856 | 40|ahttp://publications.gc.ca|qPDF|s127 KB|uhttps://publications.gc.ca/collections/Collection/CS11-0019-102E.pdf|yNo. 102 |